| 000 | 00000nam##2200000za#4500 |
| 001 | 9.681108 |
| 003 | CaOODSP |
| 005 | 20250611103642 |
| 007 | ta |
| 008 | 150407|2000||||xxc||||| f|0| 0 fre|d |
| 020 | |a0-662-84650-8 |
| 040 | |aCaOODSP|bfre |
| 043 | |an-cn--- |
| 086 | 1 |aA22-205/2000F |
| 110 | 1 |aCanada. |bAgriculture et agroalimentaire Canada. |
| 245 | 10|aSondage sur la gestion des risques et les programmes de protection du revenu agricole |
| 260 | |aOttawa - Ontario : |bAgriculture et Agroalimentaire Canada |c2000. |
| 300 | |a113p. en pagination multiple. : |bgraphiques, tableaux ; |c28 cm. |
| 500 | |a«Au printemps de 1998, Agriculture et Agroalimentaire Canada (AAC) a confié au Groupe Angus Reid le mandat d'effectuer une étude auprès des producteurs agricoles des quatre coins du pays[...] A l'automne de 1999, une étude complémentaire a été effectuée afin de permettre une analyse plus approfondie de l'utilisation faite des programmes de protection du revenu agricole[...] Le présent rapport présente les conclusions de l'étude complémentaire qui se fonde sur les 2,400 entrevues téléphoniques effectuées au cours de mois de novembre et de décembre 1999.»--Page 1. |
| 520 | 3 |aAu printemps de 1998, Agriculture et Agroalimentaire Canada (AAC) a confié au Groupe Angus Reid le mandat d'effectuer une étude auprès des producteurs agricoles des quatre coins du pays[...] A l'automne de 1999, une étude complémentaire a été effectuée afin de permettre une analyse plus approfondie de l'utilisation faite des programmes de protection du revenu agricole[...] Le présent rapport présente les conclusions de l'étude complémentaire qui se fonde sur les 2,400 entrevues téléphoniques effectuées au cours de mois de novembre et de décembre 1999.--Page 1 |
| 563 | |aReliure à spirale |
| 590 | |a00-29|b2000-07-21 |
| 691 | 07|aProgramme d'aide agricole|2gcpds |
| 691 | 07|aExploitation agricole|2gcpds |
| 691 | 07|aRevenu|2gcpds |
| 691 | 07|aGestion financière|2gcpds |
| 775 | 08|tRisk management and Safety Net Program survey |w(CaOODSP)9.647722 |
| 776 | 0#|tSondage sur la gestion des risques et les programmes de protection du revenu agricole |w(CaOODSP)9.637697 |